|
|
|
|
| LEADER |
00831nta a2200193 i 4500 |
| 001 |
dipl133704 |
| 005 |
20230613145854.0 |
| 008 |
230613s2022 hu om 0|| hun d |
| 040 |
|
|
|a SZTE Diploma Repozitórium
|b hun
|
| 041 |
|
|
|a hun
|
| 100 |
1 |
|
|a Molnár István Attila
|
| 245 |
1 |
2 |
|a A földtulajdonszerzés és földhaszonbérlet szabályozása a rendszerváltozást követően Magyarországon
|h [elektronikus dokumentum] /
|c István Attila Molnár
|
| 246 |
1 |
0 |
|a Regulation of land acquisition and land lease in Hungary after the change of regime
|h [elektronikus dokumentum]
|
| 260 |
|
|
|c 2022
|
| 650 |
|
4 |
|a Jogi és igazgatási tanulmányok
|
| 650 |
|
4 |
|a Social sciences
|
| 650 |
|
4 |
|a Law
|
| 700 |
1 |
|
|a Hegyes Péter István
|e ths
|
| 856 |
4 |
0 |
|u https://diploma.bibl.u-szeged.hu/id/eprint/133704/1/2022_molnar_istvan_attila.pdf
|z Dokumentum-elérés
|